[Event "Challenge"]
[Site "http://www.queenalice.com/game.php?id=1642256"]
[Date "2021.2.2"]
[Round "-"]
[White "crisvolei"]
[Black "byyonico"]
[Result "0-1"]
[WhiteElo "1570"]
[BlackElo "1715"]

1. e4 c5 2. c4 Nc6 3. Nf3 d6 4. Na3 a6 5. h3 Nf6 6. Ng5 h6 7. Nxf7 Kxf7 8. g4
Nxe4 9. Qf3+ Nf6 10. d4 cxd4 11. c5 dxc5 12. Bc4+ Be6 13. Bxe6+ Kxe6 14. Qf5+
Kf7 15. Qxc5 e6 16. Qc4 Bxa3 17. Qc5 Bxc5 18. a3 Qd5 19. O-O Ne5 20. Rd1 Qf3 21.
Bd2 Qxh3 22. f4 Nf3+ 23. Kf2 d3+ 24. Be3 Ne4# 0-1

[Event "Invitation"]
[Site "http://www.queenalice.com/game.php?id=1642507"]
[Date "2021.2.4"]
[Round "-"]
[White "byyonico"]
[Black "bonow"]
[Result "0-1"]
[WhiteElo "1670"]
[BlackElo "2173"]

1. e4 c5 2. Nf3 Nc6 3. Bb5 d5 4. Bxc6+ bxc6 5. e5 f6 6. exf6 Nxf6 7. Ne5 Bd7 8.
d4 e6 9. c3 cxd4 10. O-O dxc3 11. Nxc3 Qc7 12. Bf4 Bd6 13. Re1 O-O 14. Qd2 Ng4
15. g3 Nxe5 16. Kg2 Nc4 17. Bxd6 Qxd6 18. Qc2 Rab8 19. b3 Nb6 20. a3 e5 21. b4
Nc4 22. Re2 d4 23. Ne4 Qd5 24. Qd3 Bg4 25. f3 Rxf3 26. Qb1 Rff8 27. Rf2 Bf3+ 28.
Rxf3 Rxf3 29. Qe1 Rff8 30. Kg1 Rbe8 31. Qb1 Rf7 32. Ng5 Rf6 33. Qxh7+ Kf8 34.
Qh8+ Qg8 35. Qh4 Rh6 36. Qg4 Ne3 37. Qf3+ Rf6 38. Qe2 Rf5 39. Rf1 Rxf1+ 40.
Qxf1+ Nxf1 41. Kxf1 Qc4+ 42. Kg2 Qe2+ 43. Kh3 Qh5+ 44. Kg2 Qxg5 45. h4 Qd2+ 46.
Kh3 Kg8 47. Kg4 Rf8 48. Kh3 Qc3 49. Kg4 d3 50. Kh3 e4 51. Kg4 e3 52. Kh3 e2 53.
Kg4 e1=Q 54. Kh3 d2 55. Kg4 Qexg3+ 56. Kh5 Qce5# 0-1

[Event "AUTO-ADV-4461"]
[Site "http://www.queenalice.com/game.php?id=1642611"]
[Date "2021.2.4"]
[Round "1"]
[White "byyonico"]
[Black "sia"]
[Result "0-1"]
[WhiteElo "1483"]
[BlackElo "2078"]

1. c4 e6 2. a3 d6 3. Nc3 Nf6 4. g3 Be7 5. Bg2 Nc6 6. d4 O-O 7. Nf3 h6 8. O-O a6
9. b4 Bd7 10. d5 exd5 0-1

[Event "AUTO-ADV-4461"]
[Site "http://www.queenalice.com/game.php?id=1642624"]
[Date "2021.2.4"]
[Round "1"]
[White "clovis"]
[Black "byyonico"]
[Result "1-0"]
[WhiteElo "2044"]
[BlackElo "1637"]

1. e4 c5 2. Nf3 d6 3. d4 cxd4 4. Nxd4 Nc6 5. Nc3 Bd7 6. Bc4 e6 7. O-O Qb6 8.
Ndb5 Ne5 9. Be3 Qc7 10. Nxc7+ Ke7 11. Nxa8 Nxc4 12. Bxa7 g6 13. Nb6 Bc6 14. Nxc4
Kf6 15. Bd4+ e5 16. Be3 Ne7 17. Qxd6+ Kg7 18. Qxe5+ f6 19. Qc7 Rg8 20. Bc5 Kh8
21. Bxe7 Bg7 22. Nd5 h5 23. Bxf6 Bxd5 24. Bxg7+ Rxg7 25. Qxg7+ Kxg7 26. exd5 Kf7
27. Rfe1 b5 28. d6 bxc4 29. d7 Kg7 30. d8=Q Kh6 31. Re8 Kg7 32. Qe7+ Kh6 33.
Rh8# 1-0

[Event "AUTO-ADV-4461"]
[Site "http://www.queenalice.com/game.php?id=1642625"]
[Date "2021.2.4"]
[Round "1"]
[White "byyonico"]
[Black "clovis"]
[Result "0-1"]
[WhiteElo "1635"]
[BlackElo "2001"]

1. c4 Nf6 2. Nc3 e6 3. d4 d5 4. Bg5 Bb4 5. Qc2 O-O 6. Nf3 Nbd7 7. e3 c5 8. Bd3
Qa5 9. O-O cxd4 10. Nxd4 Ne5 11. Bxf6 gxf6 12. Bxh7+ Kg7 13. Bd3 Nxd3 14. Qxd3
Rh8 15. a3 Qc7 16. h3 Bxc3 17. Qxc3 Qxc4 18. Qd2 e5 19. Nf5+ Bxf5 20. Rac1 Qh4
21. e4 Bxh3 22. g3 Qg4 23. Qd1 Qxe4 24. f3 Qd4+ 25. Rf2 Rac8 26. Qxd4 Rxc1+ 27.
Kh2 exd4 28. Rd2 Bf1+ 29. Kg1 Bd3+ 30. Kg2 Rc2 31. Rxc2 Bxc2 32. Kf1 d3 33. b4
d2 34. Ke2 d1=Q+ 35. Kf2 Qd2+ 36. Kf1 Rh1# 0-1

[Event "AUTO-ADV-4461"]
[Site "http://www.queenalice.com/game.php?id=1642632"]
[Date "2021.2.4"]
[Round "1"]
[White "Eggchaser"]
[Black "byyonico"]
[Result "1-0"]
[WhiteElo "1809"]
[BlackElo "1708"]

1. Nf3 d5 2. b4 a6 3. Bb2 f6 4. d4 Nc6 5. a3 e6 6. e3 Bd6 7. c4 Nge7 8. c5 Bxc5
9. bxc5 Na5 10. Nbd2 O-O 11. Bd3 Bd7 12. O-O Ng6 13. Bc3 Nc6 14. Rb1 Rb8 15. Qc2
f5 16. Nb3 Qe7 17. Bd2 Qf6 18. Na5 b5 19. cxb6 cxb6 20. Nxc6 Rbc8 21. Rxb6 Bxc6
22. Rxc6 Rxc6 23. Qxc6 Ne7 24. Qxa6 h6 25. Ne5 Rd8 26. Rb1 Kh7 27. Rb6 Qf8 28.
Rxe6 Ng8 29. Bb4 Ne7 30. Bxe7 Qg8 31. Bxf5+ Kh8 32. Bxd8 h5 33. Ng6+ Kh7 34.
Ne7+ Kh8 35. Nxg8 Kxg8 36. Bg6 Kf8 37. Re8# 1-0

[Event "AUTO-ADV-4461"]
[Site "http://www.queenalice.com/game.php?id=1642633"]
[Date "2021.2.4"]
[Round "1"]
[White "byyonico"]
[Black "Eggchaser"]
[Result "0-1"]
[WhiteElo "1696"]
[BlackElo "1821"]

1. e4 c5 2. Nf3 d6 3. Bc4 e6 4. O-O a6 5. c3 Nc6 6. d3 h6 7. Be3 Nf6 8. Nbd2 Be7
9. Rc1 Bd7 10. h3 O-O 11. Bb3 Qc7 12. Nc4 b5 13. Na3 Na5 14. Bc2 b4 15. cxb4
cxb4 16. Nb1 Nc6 17. Ba4 Rfc8 18. Nbd2 Qb7 19. Qb3 e5 20. Bxc6 Bxc6 21. Nh4 Nxe4
22. Ndf3 Nc5 23. Qc2 Ne6 24. Qd2 Bxf3 25. Nxf3 a5 26. Nh2 f5 27. Bxh6 f4 28.
Bxf4 Nxf4 29. f3 Bg5 30. Rxc8+ Rxc8 31. Qd1 Qb6+ 32. Kh1 Qd4 33. b3 Nxd3 34. Qe2
Nf4 35. Qe1 Nd3 36. Qg3 Bh4 37. Qg6 Nf2+ 38. Kg1 Nxh3+ 39. Kh1 Qg1+ 40. Rxg1
Nf2# 0-1

[Event "Challenge"]
[Site "http://www.queenalice.com/game.php?id=1643289"]
[Date "2021.2.11"]
[Round "-"]
[White "byyonico"]
[Black "crisvolei"]
[Result "0-1"]
[WhiteElo "1668"]
[BlackElo "1663"]

1. d4 d5 2. c4 dxc4 3. e4 h5 4. Bxc4 e6 5. e5 c6 6. Nf3 h4 7. h3 b5 8. Bb3 Ba6
9. O-O b4 10. Be3 Bxf1 11. Kxf1 Na6 12. Ng5 Nh6 13. Bxe6 fxe6 14. Nxe6 Qd5 15.
Ng5 Nf5 16. Nf3 Nxe3+ 17. fxe3 Qc4+ 18. Kg1 O-O-O 19. Nbd2 Qd3 20. Qe1 c5 21.
Nb3 cxd4 22. exd4 g5 23. e6 Be7 24. Qc1+ Nc7 25. Ne5 Qf5 26. Nf7 Rhf8 27. Nxd8
Qf2+ 28. Kh2 Kxd8 29. Rb1 Nxe6 30. Qg1 Bd6+ 31. Kh1 Qg3 32. Nd2 Nf4 33. Re1 Nd3
34. Re2 Rf2 35. Nf1 Qf4 36. Ne3 Rxe2 37. Ng4 Re1 38. b3 Rxg1+ 39. Kxg1 Qc1# 0-1

[Event "Challenge"]
[Site "http://www.queenalice.com/game.php?id=1643290"]
[Date "2021.2.11"]
[Round "-"]
[White "crisvolei"]
[Black "byyonico"]
[Result "0-1"]
[WhiteElo "1634"]
[BlackElo "1652"]

1. e4 e6 2. e5 d5 3. exd6 cxd6 4. Nc3 Nf6 5. Bb5+ Nbd7 6. Qf3 Be7 7. d4 a6 8.
Ba4 b5 9. Qxa8 O-O 10. Bb3 Qb6 11. Be3 Bb7 12. Qxf8+ Kxf8 13. d5 Qc7 14. O-O-O
h6 15. Nh3 e5 16. f4 e4 17. Nf2 Nc5 18. Nfxe4 Ncxe4 19. Nxe4 Nxe4 20. Rhf1 f5
21. g4 Bd8 22. gxf5 Nf6 23. h3 Bc8 24. Bd4 Bxf5 25. c3 Bxh3 26. Rfe1 Bg4 27. Rd2
Qb7 28. Bxf6 Bxf6 29. Rd3 Bd8 30. Rde3 g5 31. Re8+ Kf7 32. Rxd8 gxf4 33. Rxd6 f3
34. Rxh6 f2 35. Rf1 Be2 36. Rxf2+ Kg7 37. Re6 Bc4 38. Rg2+ Kf7 39. Rf2+ Kg7 40.
Bxc4 bxc4 41. d6 Kg8 42. Re7 Qh1+ 43. Kc2 Qh4 44. b4 Qxf2+ 45. Kd1 Qf6 46. Re8+
Kf7 47. Re7+ Kf8 48. Re8+ Kxe8 49. d7+ Kxd7 50. Kc2 Qf2+ 0-1

[Event "Invitation"]
[Site "http://www.queenalice.com/game.php?id=1643388"]
[Date "2021.2.12"]
[Round "-"]
[White "bonow"]
[Black "byyonico"]
[Result "1-0"]
[WhiteElo "2171"]
[BlackElo "1678"]

1. Nf3 b6 2. d4 Bb7 3. g3 Bxf3 4. exf3 d5 5. c4 e6 6. Nc3 Nf6 7. Be3 Bb4 8. Qa4+
c6 9. Qxb4 a5 10. Qb3 O-O 11. O-O-O Na6 12. Bd3 Nb4 13. Kb1 Nxd3 14. Rxd3 Qc7
15. Rc1 Rab8 16. Bf4 Qd7 17. Bxb8 Rxb8 18. cxd5 exd5 19. Re3 b5 20. Ne2 a4 21.
Qc2 Rc8 22. g4 Qd6 23. Qf5 Rc7 24. Ng3 g6 25. Qc2 Kg7 26. Rc3 Ne8 27. Rxc6 Qd7
28. Rxc7 Nxc7 29. Qxc7 Qe6 30. Qc5 Qd7 31. Ne2 Kh6 32. Nf4 f5 33. Qxd5 Qe7 34.
Qxb5 Qd6 35. Ne2 Qxh2 36. d5 fxg4 37. fxg4 Qxf2 38. d6 Qf8 39. d7 Qd8 40. Qxa4
Kg5 41. Rc5+ Kh4 42. Rc4 h5 43. Kc2 Kh3 44. Ng1+ Kg3 45. Ne2+ Kh3 46. Ng1+ Kg2
47. Ne2 Kf3 48. Kd2 Kf2 49. Rf4+ Kg2 50. Rf6 Qxf6 51. d8=Q Qxd8+ 52. Kc1 Qc8+
53. Kd1 Qd8+ 54. Ke1 Qh4+ 55. Kd2 Qg5+ 56. Kd1 hxg4 57. Qb3 g3 58. Qxg3+ Qxg3
59. Nxg3 Kxg3 60. Ke1 g5 61. Kf1 g4 62. Kg1 Kf3 63. b4 Ke4 64. a4 Kd5 65. b5 Kc5
66. Kg2 Kb6 67. Kg3 Ka5 68. Kxg4 Kxa4 69. b6 Kb5 70. b7 Kc6 71. b8=Q Kd7 72. Kf4
Kc6 73. Qd8 Kb7 74. Ke5 Kc6 75. Qc8+ Kb6 76. Kd5 Ka7 77. Qc6 Kb8 78. Qd7 Ka8 79.
Kc6 Kb8 80. Qb7# 1-0

[Event "Invitation"]
[Site "http://www.queenalice.com/game.php?id=1643887"]
[Date "2021.2.17"]
[Round "-"]
[White "byyonico"]
[Black "bonow"]
[Result "0-1"]
[WhiteElo "1651"]
[BlackElo "2189"]

1. c4 c5 2. Nc3 Nc6 3. Nf3 Nf6 4. d4 cxd4 5. Nxd4 d6 6. Bg5 e6 7. Nxc6 bxc6 8.
e4 e5 9. Be2 Be7 10. O-O O-O 11. f4 Qb6+ 12. Rf2 Qxb2 13. Bg4 Qxc3 14. Rc2 Qb4
15. a3 Qb6+ 16. Rf2 Nxg4 17. Qe2 Nxf2 18. Bxe7 Nxe4+ 19. Kf1 Qd4 20. Rd1 Bg4 21.
Rxd4 Bxe2+ 22. Kxe2 exd4 23. Bxf8 Kxf8 24. Kd3 Nf6 25. Kxd4 Rb8 26. h3 Rb2 27.
g4 Rh2 28. g5 Nh5 29. Ke4 Rxh3 30. a4 Rh4 31. Ke3 Rxf4 32. c5 d5 33. a5 Ra4 34.
a6 Rxa6 35. Kd3 Nf4+ 36. Kd4 Ne6+ 37. Ke5 Nxg5 38. Kf4 h6 39. Ke5 f6+ 40. Kd4
Ne6+ 41. Kd3 Ra5 42. Ke3 Rxc5 43. Kd3 g5 44. Ke3 Kg7 45. Kf3 f5 46. Ke3 f4+ 47.
Kf3 Rc3+ 48. Kg4 d4 49. Kf5 f3 50. Kxe6 f2 51. Kd6 f1=Q 52. Kc7 Qf7+ 53. Kd6 d3
54. Ke5 Rc5+ 55. Ke4 Qd5+ 56. Ke3 d2 57. Ke2 d1=Q+ 58. Kf2 Q5f3# 0-1

[Event "AUTO-INT-3642"]
[Site "http://www.queenalice.com/game.php?id=1643912"]
[Date "2021.2.17"]
[Round "1"]
[White "Carlos19"]
[Black "byyonico"]
[Result "1-0"]
[WhiteElo "1452"]
[BlackElo "1676"]

1. e4 c5 2. Bc4 e6 3. d4 cxd4 4. Qxd4 Nc6 5. Qd2 Bb4 6. c3 Ba5 7. b4 Bb6 8. a4
Nf6 9. Bd3 O-O 10. b5 Ne5 11. Nf3 Nxf3+ 12. gxf3 Nh5 13. Rg1 e5 14. Qh6 g6 15.
a5 Bxa5 16. Ba3 Re8 17. Ke2 Nf4+ 18. Ke3 Qb6+ 19. Kd2 Qxf2+ 20. Kd1 Qxf3+ 21.
Kc2 Qf2+ 22. Nd2 Nxd3 23. Rgf1 Qe2 24. Rxf7 Kxf7 25. Qxh7+ Kf6 26. Qh4+ Kg7 27.
Bc1 Nf4 28. Rxa5 Qd3+ 29. Kd1 Qxc3 30. Ra3 Qd4 31. Qg5 d6 32. h4 Bd7 33. Rb3
Rac8 34. Bb2 Qf2 35. Rc3 Rxc3 36. Bxc3 Bxb5 37. Bb4 Ba4+ 38. Kc1 Nd3+ 39. Kb1
Nxb4 40. h5 Re6 41. hxg6 Qf1+ 42. Nxf1 Rxg6 43. Qe7+ Kh6 44. Qxb7 Nd3 45. Qxa7
Bb3 46. Qe3+ Kg7 47. Qxd3 Bf7 48. Nd2 Be8 49. Nc4 Bb5 50. Qb3 Bc6 51. Qb4 Bxe4+
52. Kb2 Rg2+ 53. Kc1 Rc2+ 54. Kd1 Rxc4 55. Qxc4 d5 56. Qc7+ Kf6 57. Ke2 d4 58.
Qd6+ Kf5 59. Qf8+ Ke6 60. Kd2 Kd5 61. Qa8+ Ke6 62. Qxe4 Kd6 63. Kd3 Ke6 64. Qg6+
Kd5 65. Qf7+ Kd6 66. Ke4 Kc5 67. Kxe5 d3 68. Qe7+ Kc4 69. Qc7+ Kb3 70. Qc1 Kb4
71. Kd4 d2 72. Qxd2+ Kb3 73. Qc3+ Ka4 74. Qb2 Ka5 75. Qb3 Ka6 76. Qb4 Ka7 77.
Kc5 Ka8 78. Kc6 1-0

[Event "AUTO-INT-3642"]
[Site "http://www.queenalice.com/game.php?id=1643913"]
[Date "2021.2.17"]
[Round "1"]
[White "byyonico"]
[Black "Carlos19"]
[Result "1-0"]
[WhiteElo "1667"]
[BlackElo "1530"]

1. c4 Nf6 2. Nc3 e5 3. a3 h6 4. e4 Bc5 5. b4 Bd4 6. Bb2 O-O 7. Be2 c6 8. d3 a5
9. Nf3 d6 10. O-O axb4 11. axb4 Rxa1 12. Qxa1 Na6 13. b5 cxb5 14. Nxb5 Bxb2 15.
Qxb2 Nc5 16. Qb4 b6 17. Ra1 Bg4 18. Qc3 Qb8 19. h3 Bxf3 20. Bxf3 Rd8 21. Be2 g5
22. f3 Qb7 23. Ra3 Ra8 24. Nxd6 Rxa3 25. Qxa3 Qc6 26. Nb5 h5 27. g3 h4 28. g4
Ne6 29. Kh2 Nf4 30. Bf1 Qd7 31. Qc3 Ne6 32. Qd2 Nc5 33. Qxg5+ Kf8 34. Qxf6 Qe6
35. Qh8+ Ke7 36. Qxh4+ f6 37. Qh7+ Kf8 38. Nc7 Qe7 39. Qh8+ Kf7 40. Be2 Qxc7 41.
Qh7+ 1-0

[Event "AUTO-INT-3642"]
[Site "http://www.queenalice.com/game.php?id=1643928"]
[Date "2021.2.17"]
[Round "1"]
[White "APSHOOTER"]
[Black "byyonico"]
[Result "1-0"]
[WhiteElo "1579"]
[BlackElo "1607"]

1. e4 c5 2. Bc4 e6 3. Nf3 d6 4. Nc3 Nc6 5. a3 Nf6 6. h3 Be7 7. d3 h6 8. Be3 O-O
9. Qd2 Nh7 10. O-O-O a6 11. Nh2 Nd4 12. Ng4 Bg5 13. f4 Bh4 14. g3 Bxg3 15. Rdg1
Bh4 16. Nxh6+ Kh8 17. Ng4 Nf3 18. Qg2 Nd4 19. e5 d5 20. Nf6 g6 21. Nxh7 Kxh7 22.
Ne2 Qb6 23. Nxd4 cxd4 24. Bb3 dxe3 25. d4 Bf2 26. Rf1 Qxd4 27. Rxf2 exf2 28. Rf1
Qe3+ 29. Kb1 Qxf4 30. Rxf2 Qxe5 31. Ka2 a5 32. c4 a4 33. Bc2 dxc4 34. Rxf7+ Rxf7
35. Bxg6+ Kg7 36. Bxf7+ Kxf7 37. Qf1+ Ke7 38. Qxc4 1-0

[Event "AUTO-INT-3642"]
[Site "http://www.queenalice.com/game.php?id=1643929"]
[Date "2021.2.17"]
[Round "1"]
[White "byyonico"]
[Black "APSHOOTER"]
[Result "0-1"]
[WhiteElo "1626"]
[BlackElo "1560"]

1. c4 e5 2. a3 Nf6 3. d3 Nc6 4. e3 d6 5. Nc3 a6 6. Be2 Bg4 7. Nf3 h6 8. O-O Qd7
9. b4 Be7 10. Bb2 O-O 11. Nd5 Nxd5 12. cxd5 Nd8 13. e4 f5 14. Nh4 Bxh4 15. f3
Bh5 16. g3 Be7 17. Kg2 f4 18. Qe1 c6 19. Qc3 c5 20. Qb3 b6 21. Rac1 Nf7 22. Rh1
Ng5 23. h4 Nh7 24. g4 Bf7 25. a4 Rfc8 26. h5 Bg5 27. Rc4 b5 28. a5 bxc4 29. dxc4
Rab8 30. Bd1 Rxb4 31. Qc3 Rcb8 32. Bc2 Rxb2 33. Rb1 Rxb1 34. Qd3 R8b2 35. Qc3
Qa4 0-1

[Event "AUTO-INT-3643"]
[Site "http://www.queenalice.com/game.php?id=1644173"]
[Date "2021.2.19"]
[Round "1"]
[White "Augustoadv"]
[Black "byyonico"]
[Result "1-0"]
[WhiteElo "1628"]
[BlackElo "1554"]

1. e4 c5 2. c3 Nc6 3. Nf3 d6 4. Bb5 Bd7 5. Bxc6 Bxc6 6. d3 Nf6 7. h3 e6 8. Bg5
Be7 9. Nbd2 O-O 10. Qe2 b5 11. O-O a5 12. a3 Nh5 13. h4 f6 14. Be3 e5 15. d4 Nf4
16. Bxf4 exf4 17. d5 Bd7 18. c4 Rb8 19. Rfb1 Bg4 20. cxb5 a4 21. b3 Bxf3 22.
Nxf3 axb3 23. Rxb3 Qc7 24. Rc1 Bd8 25. Nd4 Qb6 26. Ne6 Rf7 27. Nxf4 1-0

[Event "AUTO-INT-3643"]
[Site "http://www.queenalice.com/game.php?id=1644174"]
[Date "2021.2.19"]
[Round "1"]
[White "byyonico"]
[Black "Augustoadv"]
[Result "0-1"]
[WhiteElo "1568"]
[BlackElo "1614"]

1. d4 Nf6 2. c4 c6 3. Nc3 e6 4. Nf3 Bb4 5. Bd2 Bxc3 6. Bxc3 d6 7. Qc2 h6 8. e4
d5 9. e5 Ne4 10. Bb4 a5 11. Ba3 Nd7 12. Bd3 Ng5 13. Nd2 b6 14. O-O c5 15. b3
cxd4 16. f4 Ne4 17. Nxe4 dxe4 18. Bxe4 Ra7 19. Bd6 Bb7 20. Rae1 f5 21. Bxf5 exf5
0-1

[Event "AUTO-INT-3643"]
[Site "http://www.queenalice.com/game.php?id=1644189"]
[Date "2021.2.19"]
[Round "1"]
[White "byyonico"]
[Black "lelugri"]
[Result "0-1"]
[WhiteElo "1506"]
[BlackElo "1596"]

1. c4 f5 2. Nc3 Nf6 3. d4 e6 4. Qc2 Be7 5. Nf3 O-O 6. e3 c6 7. Be2 d5 8. O-O Ne4
9. a3 Nd7 10. c5 b6 11. b4 bxc5 12. bxc5 e5 13. Nxe5 Nxe5 14. dxe5 Qc7 15. f3
Qa5 16. Nxe4 fxe4 17. f4 Qxc5 18. Qb3 Be6 19. Bb2 Rab8 20. Qa2 Qxe3+ 0-1

[Event "AUTO-INT-3643"]
[Site "http://www.queenalice.com/game.php?id=1644190"]
[Date "2021.2.19"]
[Round "1"]
[White "lelugri"]
[Black "byyonico"]
[Result "1-0"]
[WhiteElo "1608"]
[BlackElo "1494"]

1. c4 e5 2. Nc3 c6 3. Nf3 d6 4. g3 Nf6 5. Bg2 Be7 6. O-O O-O 7. d4 e4 8. Ng5 d5
9. cxd5 cxd5 10. f3 a6 11. fxe4 Be6 12. Nxe6 fxe6 13. e5 Nfd7 14. Rxf8+ Bxf8 15.
Qb3 b5 16. a4 Qa5 17. Ra2 Nc6 18. e3 b4 19. Ne2 1-0

[Event "AUTO-INT-3643"]
[Site "http://www.queenalice.com/game.php?id=1644191"]
[Date "2021.2.19"]
[Round "1"]
[White "byyonico"]
[Black "BobFicha"]
[Result "0-1"]
[WhiteElo "1649"]
[BlackElo "1761"]

1. d4 d5 2. c4 e6 3. Nf3 dxc4 4. e4 b5 5. Bd2 Bb7 6. e5 Bxf3 7. Qxf3 c6 8. Be2
Qxd4 9. Bc3 Qd5 10. Qg3 b4 11. Bd2 Na6 12. Bf3 Qb5 13. O-O g6 14. Be3 Ne7 15.
Qg5 Bg7 16. Qh4 Bxe5 17. Bc1 c3 18. bxc3 bxc3 19. Na3 Qb7 20. Rb1 Nb4 21. Rxb4
Qd7 22. Nc2 Qd6 23. Rd1 Qc7 24. Rc4 Nf5 25. Qe4 Ne7 26. Rxc6 Nxc6 27. Qxc6+ Ke7
28. Qa4 Rad8 29. Ba3+ Kf6 30. Qh4+ Kg7 31. Re1 Rd2 32. Rc1 Qb6 33. Ne3 Rxa2 34.
Be7 Qb2 35. Re1 c2 36. Nxc2 Qxc2 37. Bg5 h6 38. h3 hxg5 39. Qxg5 Qxf2+ 40. Kh1
Qxe1# 0-1

[Event "AUTO-INT-3643"]
[Site "http://www.queenalice.com/game.php?id=1644192"]
[Date "2021.2.19"]
[Round "1"]
[White "BobFicha"]
[Black "byyonico"]
[Result "1-0"]
[WhiteElo "1869"]
[BlackElo "1633"]

1. e4 c5 2. Nc3 e6 3. Bc4 Nc6 4. Nf3 d6 5. d4 cxd4 6. Nxd4 Bd7 7. Be3 Nf6 8.
Nxc6 Bxc6 9. Bg5 Be7 10. Bxf6 Bxf6 11. Bd3 Bxc3+ 12. bxc3 O-O 13. O-O Rc8 14.
Qd2 d5 15. Qe3 dxe4 16. Bxe4 Bxe4 17. Qxe4 b6 18. c4 h6 19. Rfd1 Qe7 20. Rd3 b5
21. cxb5 Rxc2 22. g3 Qc5 23. Rd4 Rc8 24. Qe3 e5 25. Rdd1 Qxe3 26. fxe3 R8c3 27.
Re1 Rd2 28. Red1 Re2 29. Re1 Rexe3 30. Rxe3 Rxe3 31. a4 Re2 32. a5 Rb2 33. b6
axb6 34. a6 Rc2 35. a7 Rc8 36. a8=Q Rxa8 37. Rxa8+ Kh7 38. Rb8 f5 39. Rxb6 h5
40. Rb5 g6 41. Rxe5 Kh6 42. h4 g5 43. Re6+ Kg7 44. hxg5 Kf7 45. Ra6 Kg7 46. Kf2
Kf7 47. Kf3 Kg7 48. Kf4 1-0